| 000 | 00851nam a22002297a 4500 | ||
|---|---|---|---|
| 999 |
_c14750 _d14750 |
||
| 003 | AR-CdUCM | ||
| 008 | 190424b ||||| |||| 00| 0 spa d | ||
| 020 | _a978-9972-961-94-2 | ||
| 040 |
_aMUNICIPALIDAD PROVINCIAL DEL CUSCO _cBIBLIOTECA MUNICIPAL DEL CUSCO |
||
| 082 |
_aPI / 808.06 / _bC43 |
||
| 110 |
_aCentro de estudios regionales andinos Bartolomé de las Casas _97768 |
||
| 245 |
_aWanamey : _bRelato de la primera generación wachiperi / |
||
| 260 |
_aCusco : _bCentro Bartolomé de las Casas, _c2009. |
||
| 300 |
_a31 páginas ; _bIlustraciones,dibujos, _c20 cm. |
||
| 440 |
_aLiteratura y creación andina _n2 _933632 |
||
| 505 | _aContenido: Relato de la primera generación wachiperi. | ||
| 650 |
_aMitos _912603 |
||
| 650 |
_aCuentos infantiles _93927 |
||
| 650 |
_aLeyendas _92226 |
||
| 942 |
_2ddc _cLIBROS |
||
| 945 |
_acmm _d2019-04-24 |
||